[Event "Amsterdam Science Park op-A"]
[Site "Amsterdam"]
[Date "2016.07.10"]
[Round "2"]
[White "Bosboom, Manuel"]
[Black "De Saegher, Chris"]
[Result "1-0"]
[WhiteElo "2397"]
[BlackElo "2178"]
[PlyCount "43"]
[EventDate "2016.07.09"]
[EventType "swiss"]
[EventRounds "9"]
[EventCountry "NED"]
[SourceTitle "CBM 173 Extra"]
[Source "ChessBase"]
[SourceDate "2016.08.29"]
[SourceVersion "1"]
[SourceVersionDate "2016.08.29"]
[SourceQuality "1"]

1. d4 d5 2. Nf3 Nf6 3. c4 c6 4. Nc3 dxc4 5. a4 Bf5 6. Nh4 Bc8 7. e3 e5 8. Bxc4 e4 9. f3 g5 10. fxe4 gxh4 11. 0-0 Bg4 12. Bxf7+ Ke7 13. Qb3 Qb6 14. Qc4 Na6 15. e5 Nd7 16. h3 Bxh3 17. gxh3 Nc7 18. d5 Nxe5 19. Qf4 Bg7 20. Qg5+ Kf8 21. d6 Ne8 22. Qe7# 1-0

[Event "Amsterdam Science Park op-A"]
[Site "Amsterdam"]
[Date "2015.07.17"]
[Round "7"]
[White "Beerdsen, Thomas"]
[Black "De Saegher, Chris"]
[Result "1-0"]
[WhiteElo "2317"]
[BlackElo "2211"]
[PlyCount "79"]
[EventDate "2015.07.11"]
[EventType "swiss"]
[EventRounds "9"]
[EventCountry "NED"]
[SourceTitle "CBM 167 Extra"]
[Source "ChessBase"]
[SourceDate "2015.09.14"]
[SourceVersion "1"]
[SourceVersionDate "2015.09.14"]
[SourceQuality "1"]

1. e4 c6 2. d4 d5 3. Nd2 dxe4 4. Nxe4 Bf5 5. Ng3 Bg6 6. h4 h6 7. Nf3 Nd7 8. h5 Bh7 9. Bd3 Bxd3 10. Qxd3 e6 11. Bd2 Ngf6 12. 0-0-0 Be7 13. Kb1 0-0 14. Ne4 Nxe4 15. Qxe4 Nf6 16. Qe2 Qd5 17. Be3 Bd6 18. Nd2 Qb5 19. c4 Qf5+ 20. Ka1 e5 21. Nf3 Rfe8 22. dxe5 Bxe5 23. Nxe5 Qxe5 24. Rdg1 Rad8 25. g4 Rd4 26. g5 hxg5 27. h6 g6 28. Rxg5 Qe4 29. h7+ Kh8 30. Rgg1 Rxc4 31. f3 Qe6 32. Bg5 Nd7 33. Qd2 Ra4 34. Qc3+ f6 35. b3 Ra6 36. Re1 Ne5 37. f4 c5 38. Bh4 Qg4 39. fxe5 g5 40. exf6 1-0

[Event "Amsterdam Science Park op-A 2nd"]
[Site "Amsterdam"]
[Date "2012.07.18"]
[Round "5"]
[White "Vereggen, Lars"]
[Black "De Saegher, Chris"]
[Result "1/2-1/2"]
[WhiteElo "2051"]
[BlackElo "2208"]
[PlyCount "29"]
[EventDate "2012.07.14"]
[EventType "swiss"]
[EventRounds "9"]
[EventCountry "NED"]
[SourceTitle "CBM 149 Extra"]
[Source "ChessBase"]
[SourceDate "2012.08.24"]
[SourceVersion "1"]
[SourceVersionDate "2012.08.24"]
[SourceQuality "1"]

1. d4 d5 2. Nf3 Nf6 3. g3 c6 4. Bg2 Bg4 5. Nbd2 Nbd7 6. c4 e6 7. 0-0 Be7 8. b3 0-0 9. Bb2 a5 10. Re1 a4 11. e4 dxe4 12. Nxe4 Bb4 13. Bc3 Qa5 14. Bxb4 Qxb4 15. Qd2 1/2-1/2

[Event "Amsterdam Science Park op-A 2nd"]
[Site "Amsterdam"]
[Date "2012.07.14"]
[Round "1"]
[White "Gravemaker, Wim Laurens"]
[Black "De Saegher, Chris"]
[Result "1/2-1/2"]
[WhiteElo "2066"]
[BlackElo "2208"]
[PlyCount "41"]
[EventDate "2012.07.14"]
[EventType "swiss"]
[EventRounds "9"]
[EventCountry "NED"]
[SourceTitle "CBM 149 Extra"]
[Source "ChessBase"]
[SourceDate "2012.08.24"]
[SourceVersion "1"]
[SourceVersionDate "2012.08.24"]
[SourceQuality "1"]

1. e4 c6 2. d4 d5 3. exd5 cxd5 4. c4 Nf6 5. Nc3 Nc6 6. Nf3 Bg4 7. cxd5 Nxd5 8. Qb3 Bxf3 9. gxf3 e6 10. Qxb7 Nxd4 11. Bb5+ Nxb5 12. Qc6+ Ke7 13. Qxb5 Qd7 14. Nxd5+ Qxd5 15. Qxd5 exd5 16. Be3 Ke6 17. 0-0-0 Rc8+ 18. Kb1 Bc5 19. Rhe1 Bxe3 20. Rxe3+ Kd6 21. Ra3 1/2-1/2

[Event "Dieren op"]
[Site "Dieren"]
[Date "2008.07.28"]
[Round "6"]
[White "De Saegher, Chris"]
[Black "Vos, Jan Pieter"]
[Result "1-0"]
[WhiteElo "2185"]
[BlackElo "2115"]
[PlyCount "85"]
[EventDate "2008.07.22"]
[EventType "swiss"]
[EventRounds "9"]
[EventCountry "NED"]
[SourceTitle "CBM 125 Extra"]
[Source "ChessBase"]
[SourceDate "2008.09.01"]
[SourceVersion "1"]
[SourceVersionDate "2008.09.01"]
[SourceQuality "1"]

1. d4 d5 2. e4 dxe4 3. Nc3 c6 4. Nxe4 Nf6 5. Nxf6+ gxf6 6. c3 Qc7 7. Qh5 Rg8 8. Qxh7 Rg6 9. h4 f5 10. Bc4 Be6 11. Bxe6 Rxe6+ 12. Kf1 Qa5 13. Nf3 Nd7 14. Ng5 Qb5+ 15. Kg1 Rf6 16. Qh5 f4 17. Qf3 Bh6 18. b3 Bxg5 19. hxg5 Qxg5 20. Rh5 Qg6 21. Rh8+ Nf8 22. Ba3 Qg7 23. Qh3 Re6 24. Kf1 0-0-0 25. Bxe7 Re8 26. Rxf8 Rxf8 27. Bxf8 Qxf8 28. Re1 f3 29. Rxe6 fxg2+ 30. Kxg2 fxe6 31. Qxe6+ Kd8 32. Qe5 Qg8+ 33. Kf3 Qg1 34. c4 Qd1+ 35. Kf4 Qd2+ 36. Qe3 Qxa2 37. Ke5 Qa5+ 38. Ke6 Qh5 39. Qe5 Qh6+ 40. Qf6+ Qxf6+ 41. Kxf6 b5 42. cxb5 cxb5 43. Ke6 1-0

[Event "Dieren op"]
[Site "Dieren"]
[Date "2008.07.25"]
[Round "4"]
[White "De Saegher, Chris"]
[Black "Burg, Brent"]
[Result "1/2-1/2"]
[WhiteElo "2185"]
[BlackElo "2055"]
[PlyCount "28"]
[EventDate "2008.07.22"]
[EventType "swiss"]
[EventRounds "9"]
[EventCountry "NED"]
[SourceTitle "CBM 125 Extra"]
[Source "ChessBase"]
[SourceDate "2008.09.01"]
[SourceVersion "1"]
[SourceVersionDate "2008.09.01"]
[SourceQuality "1"]

1. d4 f5 2. Nc3 Nf6 3. Bg5 d5 4. Bxf6 exf6 5. e3 Be6 6. Bd3 Qd7 7. Nge2 Nc6 8. Nf4 0-0-0 9. a3 Bf7 10. Qf3 Kb8 11. h4 h5 12. Qg3 Rg8 13. Qf3 Rh8 14. Nfe2 Be6 1/2-1/2

[Event "Dieren op"]
[Site "Dieren"]
[Date "2008.07.24"]
[Round "3"]
[White "Meurs, Tom WA"]
[Black "De Saegher, Chris"]
[Result "0-1"]
[WhiteElo "2084"]
[BlackElo "2185"]
[PlyCount "118"]
[EventDate "2008.07.22"]
[EventType "swiss"]
[EventRounds "9"]
[EventCountry "NED"]
[SourceTitle "CBM 125 Extra"]
[Source "ChessBase"]
[SourceDate "2008.09.01"]
[SourceVersion "1"]
[SourceVersionDate "2008.09.01"]
[SourceQuality "1"]

1. e4 c6 2. d4 d5 3. e5 Bf5 4. Nf3 e6 5. Be2 Nd7 6. 0-0 Ne7 7. Nbd2 h6 8. Re1 Bh7 9. Nf1 c5 10. c3 Nc6 11. Bd3 Bxd3 12. Qxd3 Rc8 13. Bf4 Qb6 14. Re2 Be7 15. Rd1 cxd4 16. cxd4 Nb4 17. Qb3 Qa6 18. Ng3 0-0 19. a3 Nc6 20. Ne1 g5 21. Be3 Nb6 22. Qd3 Qxd3 23. Nxd3 Nc4 24. Nh5 b6 25. Ne1 Kh7 26. g4 Kg6 27. Ng2 Nxe3 28. Rxe3 Rc7 29. f4 Rfc8 30. Kf1 Nd8 31. Ng3 Rc1 32. f5+ Kh7 33. Rxc1 Rxc1+ 34. Re1 Rc2 35. Re2 Rc1+ 36. Kf2 Nc6 37. Ke3 b5 38. Re1 Rc2 39. Re2 Rc1 40. fxe6 fxe6 41. Re1 Rc2 42. Re2 Rc4 43. Rd2 Nxd4 44. Rxd4 Bc5 45. Ne2 Rc2 46. Ne1 Rxe2+ 47. Kxe2 Bxd4 48. Nd3 a5 49. b4 a4 50. Nc5 Bxe5 51. Nxe6 Kg6 52. Kd3 Kf6 53. Nd4 Bxd4 54. Kxd4 Ke6 55. Kc5 Ke5 56. Kxb5 d4 57. Kxa4 d3 58. Kb3 Ke4 59. b5 Ke3 0-1

[Event "Haarlem op"]
[Site "Haarlem"]
[Date "2007.06.30"]
[Round "3"]
[White "Gouma, Ronald"]
[Black "De Saegher, Chris"]
[Result "0-1"]
[WhiteElo "1955"]
[BlackElo "2194"]
[PlyCount "68"]
[EventDate "2007.06.29"]
[EventType "swiss"]
[EventRounds "6"]
[EventCountry "NED"]
[SourceTitle "EXT 2010"]
[Source "ChessBase"]
[SourceDate "2010.11.25"]
[SourceVersion "1"]
[SourceVersionDate "2010.11.25"]
[SourceQuality "1"]

1. e4 c6 2. d4 d5 3. e5 Bf5 4. h4 h5 5. c4 e6 6. Nc3 Be7 7. cxd5 cxd5 8. Qb3 Nc6 9. Bb5 Kf8 10. Bxc6 bxc6 11. g3 Nh6 12. f3 Bg6 13. Bxh6 Rxh6 14. Rh2 Bf5 15. f4 Rg6 16. Nd1 c5 17. Ne2 Rb8 18. Qe3 Qb6 19. Rc1 c4 20. Nec3 Kg8 21. Kf1 f6 22. Ke1 Rf8 23. b3 fxe5 24. fxe5 cxb3 25. axb3 Rg4 26. Rd2 Ba3 27. Ra1 Bb4 28. Nf2 Rg6 29. Rda2 a5 30. Kf1 Bg4 31. Ne2 Qb5 32. Kg1 Bxe2 33. Rxe2 Rxg3+ 34. Qxg3 Qxe2 0-1

[Event "Dieren op"]
[Site "Dieren"]
[Date "2006.08.02"]
[Round "8"]
[White "De Saegher, Chris"]
[Black "Grooten, Herman"]
[Result "0-1"]
[WhiteElo "2203"]
[BlackElo "2362"]
[PlyCount "74"]
[EventDate "2006.07.25"]
[EventType "swiss"]
[EventRounds "9"]
[EventCountry "NED"]
[SourceTitle "CBM 113 Extra"]
[Source "ChessBase"]
[SourceDate "2006.09.14"]
[SourceVersion "1"]
[SourceVersionDate "2006.09.14"]
[SourceQuality "1"]

1. d4 Nf6 2. Nf3 e6 3. c4 b6 4. g3 Ba6 5. b3 Bb4+ 6. Bd2 Be7 7. Bg2 d5 8. Ne5 Bb7 9. Nc3 c5 10. Be3 Na6 11. 0-0 0-0 12. Rc1 cxd4 13. Bxd4 Ba3 14. Rc2 Qe7 15. cxd5 exd5 16. Nd3 Ne4 17. Nb5 Bc5 18. Qa1 f6 19. Qb2 Bc6 20. b4 Bxb5 21. bxc5 Ba4 22. Rcc1 Naxc5 23. Nxc5 bxc5 24. Qa3 Qd7 25. Bxc5 Rfe8 26. Be3 Rad8 27. Bf4 Bc6 28. Rc2 d4 29. Rfc1 Nc3 30. Bxc6 Qxc6 31. e3 Qf3 32. Qb3+ Kh8 33. Qc4 Rc8 34. Bc7 dxe3 35. Rxc3 Qxf2+ 36. Kh1 e2 37. Ba5 e1Q+ 0-1

[Event "Dieren op"]
[Site "Dieren"]
[Date "2006.08.01"]
[Round "7"]
[White "De Saegher, Chris"]
[Black "Hendriks, Richard V"]
[Result "1-0"]
[WhiteElo "2203"]
[BlackElo "2142"]
[PlyCount "177"]
[EventDate "2006.07.25"]
[EventType "swiss"]
[EventRounds "9"]
[EventCountry "NED"]
[SourceTitle "CBM 113 Extra"]
[Source "ChessBase"]
[SourceDate "2006.09.14"]
[SourceVersion "1"]
[SourceVersionDate "2006.09.14"]
[SourceQuality "1"]

1. d4 Nf6 2. Nf3 e6 3. c4 Bb4+ 4. Bd2 Qe7 5. g3 Nc6 6. Nc3 Bxc3 7. Bxc3 Ne4 8. Rc1 d6 9. d5 Nxc3 10. Rxc3 Nd8 11. Bg2 0-0 12. 0-0 a5 13. Nd4 e5 14. Nb5 f5 15. c5 dxc5 16. Qc1 c6 17. dxc6 Nxc6 18. Bd5+ Kh8 19. Rxc5 Bd7 20. Rd1 f4 21. Bg2 Bg4 22. Rd2 Rad8 23. Rcd5 Rxd5 24. Bxd5 Qb4 25. Nc3 Qc5 26. Qe1 h6 27. a3 Qb6 28. e3 f3 29. Bc4 Nd8 30. Nd5 Qg6 31. Bd3 Qe6 32. Nc3 Nf7 33. Ne4 Rd8 34. Bf1 Rc8 35. Qd1 Qc6 36. Nd6 Nxd6 37. Rxd6 Qc7 38. h3 Bf5 39. Rd5 b6 40. Qxf3 Be6 41. Rd2 Bb3 42. Qf5 Bc2 43. Qe6 e4 44. Rd7 Qc5 45. Qg4 Rg8 46. Qf4 Bd3 47. Bxd3 exd3 48. Qd4 Qc2 49. Kg2 b5 50. e4 d2 51. Qxd2 Qxe4+ 52. Kh2 Rf8 53. Rd4 Qe7 54. Kg2 Qb7+ 55. Kg1 Qc7 56. Rd7 Qc5 57. Qd4 Qxd4 58. Rxd4 Rf3 59. Kf1 Rb3 60. Rd2 b4 61. a4 g5 62. Ke2 h5 63. Kd1 h4 64. Kc2 Rf3 65. gxh4 b3+ 66. Kc1 gxh4 67. Rd5 Rxh3 68. Rxa5 Kg7 69. Rb5 Rf3 70. a5 Rxf2 71. Rxb3 Rf5 72. Ra3 Rh5 73. a6 h3 74. a7 h2 75. a8Q h1Q+ 76. Qxh1 Rxh1+ 77. Kc2 Kf7 78. Re3 Rh6 79. Kc3 Rc6+ 80. Kd4 Rd6+ 81. Kc5 Rd8 82. b4 Rc8+ 83. Kb5 Rb8+ 84. Ka4 Ra8+ 85. Kb3 Rb8 86. Re4 Rb7 87. Ka4 Ra7+ 88. Kb5 Rb7+ 89. Ka6 1-0

[Event "Dieren op"]
[Site "Dieren"]
[Date "2006.07.26"]
[Round "2"]
[White "Holtackers, Daan"]
[Black "De Saegher, Chris"]
[Result "0-1"]
[WhiteElo "2130"]
[BlackElo "2203"]
[PlyCount "90"]
[EventDate "2006.07.25"]
[EventType "swiss"]
[EventRounds "9"]
[EventCountry "NED"]
[SourceTitle "CBM 113 Extra"]
[Source "ChessBase"]
[SourceDate "2006.09.14"]
[SourceVersion "1"]
[SourceVersionDate "2006.09.14"]
[SourceQuality "1"]

1. Nf3 Nf6 2. c4 c6 3. d4 d5 4. Nc3 dxc4 5. a4 Bf5 6. e3 e6 7. Bxc4 Bb4 8. 0-0 0-0 9. Qe2 Nbd7 10. Rd1 Qa5 11. e4 Bg6 12. Bd2 e5 13. dxe5 Nxe5 14. Nxe5 Qxe5 15. f3 a5 16. Be3 Rfe8 17. Bd4 Qe7 18. Qf2 Nd7 19. Ne2 Rad8 20. Rac1 Nc5 21. b3 Nd7 22. Nf4 Ne5 23. Nxg6 hxg6 24. Kh1 Nxc4 25. bxc4 Qd6 26. Qc2 Qe6 27. Bb6 Rxd1+ 28. Rxd1 f5 29. exf5 gxf5 30. h3 Qe2 31. Qxe2 Rxe2 32. Rd7 Ra2 33. Bd4 Bf8 34. Rxb7 Rxa4 35. Bc3 Ra3 36. Be5 Re3 37. f4 a4 38. Ra7 a3 39. c5 Bxc5 40. Rxg7+ Kf8 41. Rh7 a2 42. Rh8+ Kf7 43. Ra8 Ra3 44. Rxa3 Bxa3 45. Kg1 Be7 0-1

[Event "Dieren op"]
[Site "Dieren"]
[Date "2006.07.25"]
[Round "1"]
[White "De Saegher, Chris"]
[Black "Baramidze, David"]
[Result "0-1"]
[WhiteElo "2203"]
[BlackElo "2591"]
[PlyCount "72"]
[EventDate "2006.07.25"]
[EventType "swiss"]
[EventRounds "9"]
[EventCountry "NED"]
[SourceTitle "CBM 113 Extra"]
[Source "ChessBase"]
[SourceDate "2006.09.14"]
[SourceVersion "1"]
[SourceVersionDate "2006.09.14"]
[SourceQuality "1"]

1. d4 Nf6 2. Nf3 e6 3. c4 b6 4. g3 Ba6 5. b3 Bb4+ 6. Bd2 Be7 7. Bg2 Bb7 8. Nc3 0-0 9. 0-0 d5 10. cxd5 Nxd5 11. Nxd5 Bxd5 12. Qc2 Nd7 13. e4 Bb7 14. Rad1 c5 15. Bc3 cxd4 16. Bxd4 Qe8 17. Rfe1 Rc8 18. Qb2 f6 19. b4 e5 20. Bc3 b5 21. Bh3 Rc7 22. Nh4 Nb6 23. Nf5 Kh8 24. Qb3 Qc8 25. Bb2 Rc4 26. a3 Bxe4 27. Rxe4 Rxe4 28. Qf3 Rc4 29. Kg2 Qc7 30. Bg4 Rd8 31. Rxd8+ Qxd8 32. Ne3 Rc7 33. h4 Qd2 34. Bf5 g6 35. Bxe5 fxe5 36. Be6 Qd8 0-1

[Event "Amsterdam ACT op 3rd"]
[Site "Amsterdam"]
[Date "2006.07.19"]
[Round "5"]
[White "De Saegher, Chris"]
[Black "De Boer, Sybolt"]
[Result "1/2-1/2"]
[WhiteElo "2203"]
[BlackElo "2353"]
[PlyCount "101"]
[EventDate "2006.07.15"]
[EventType "swiss"]
[EventRounds "9"]
[EventCountry "NED"]
[SourceTitle "CBM 113 Extra"]
[Source "ChessBase"]
[SourceDate "2006.09.14"]
[SourceVersion "1"]
[SourceVersionDate "2006.09.14"]
[SourceQuality "1"]

1. d4 Nf6 2. Nf3 e6 3. c4 b6 4. g3 Ba6 5. b3 b5 6. cxb5 Bxb5 7. Bg2 Bb4+ 8. Bd2 a5 9. 0-0 0-0 10. Ne5 d5 11. Nc3 Ba6 12. Na4 Nfd7 13. Bxb4 axb4 14. Nd3 Nc6 15. e3 Bb5 16. Qc2 Ncb8 17. Rfc1 Na6 18. Bf1 Bxa4 19. bxa4 Qe7 20. Qb3 Rfc8 21. Rc6 Ndb8 22. Rc2 c6 23. Rac1 Rc7 24. Ne5 Qe8 25. Bxa6 Rxa6 26. Qxb4 Rca7 27. a5 Rxa5 28. Nxc6 Nxc6 29. Rxc6 Ra8 30. Rc8 Rxc8 31. Rxc8 Qxc8 32. Qxa5 g5 33. a4 Kg7 34. Qc5 Qb7 35. Qb5 Qc8 36. a5 Qc2 37. a6 g4 38. Qf1 Qa2 39. h3 h5 40. hxg4 hxg4 41. Qb5 Qa1+ 42. Kg2 Qa2 43. e4 dxe4 44. Qe5+ f6 45. Qc7+ Kg6 46. Qb6 Qe2 47. Qb1 Qxa6 48. Qxe4+ f5 49. Qe3 Qc6+ 50. Kh2 Qd5 51. Kg1 1/2-1/2

[Event "Haarlem Nova College op"]
[Site "Haarlem"]
[Date "2006.07.08"]
[Round "3"]
[White "Zilverberg, Jasper"]
[Black "De Saegher, Chris"]
[Result "1-0"]
[WhiteElo "1913"]
[BlackElo "2144"]
[PlyCount "101"]
[EventDate "2006.07.07"]
[EventType "swiss"]
[EventRounds "6"]
[EventCountry "NED"]
[SourceTitle "CBM 113 Extra"]
[Source "ChessBase"]
[SourceDate "2006.09.14"]
[SourceVersion "1"]
[SourceVersionDate "2006.09.14"]
[SourceQuality "1"]

1. c4 c6 2. g3 d5 3. Bg2 Nf6 4. Nf3 dxc4 5. Na3 e5 6. Nxc4 e4 7. Ng5 Qd5 8. d3 Bb4+ 9. Bd2 Bxd2+ 10. Qxd2 0-0 11. Nxe4 Nxe4 12. Bxe4 Qh5 13. 0-0 Bh3 14. Rfc1 Nd7 15. Bf3 Bg4 16. Bxg4 Qxg4 17. Ne3 Qg5 18. Qb4 Rfe8 19. Qxb7 Ne5 20. Qb4 Rab8 21. Qf4 Qh5 22. Rc2 g5 23. Qf5 Rb5 24. d4 Nc4 25. Qg4 Nxe3 26. Qxh5 Nxc2 27. Rc1 Nxd4 28. e3 Ne6 29. Rxc6 Rxb2 30. Ra6 Re7 31. Qf3 Kg7 32. h4 h6 33. Qe4 Rbb7 34. f4 Rbd7 35. f5 Rd1+ 36. Kh2 Rd2+ 37. Kh3 Nf4+ 38. Qxf4 gxf4 39. f6+ Kf8 40. fxe7+ Ke8 41. exf4 h5 42. Rxa7 Rd5 43. a4 Rc5 44. a5 Rc2 45. a6 Ra2 46. f5 Ra3 47. Kg2 Ra5 48. g4 Ra4 49. g5 Ra5 50. g6 fxg6 51. f6 1-0

[Event "Haarlem Nova College op"]
[Site "Haarlem"]
[Date "2006.07.07"]
[Round "2"]
[White "De Saegher, Chris"]
[Black "Welling, Wouter"]
[Result "1/2-1/2"]
[WhiteElo "2144"]
[BlackElo "1881"]
[PlyCount "103"]
[EventDate "2006.07.07"]
[EventType "swiss"]
[EventRounds "6"]
[EventCountry "NED"]
[SourceTitle "CBM 113 Extra"]
[Source "ChessBase"]
[SourceDate "2006.09.14"]
[SourceVersion "1"]
[SourceVersionDate "2006.09.14"]
[SourceQuality "1"]

1. d4 Nf6 2. Nf3 g6 3. c4 Bg7 4. Nc3 d5 5. cxd5 Nxd5 6. e4 Nxc3 7. bxc3 c5 8. Rb1 Nc6 9. d5 Ne5 10. Nxe5 Bxe5 11. Bb5+ Bd7 12. Qb3 Rb8 13. 0-0 0-0 14. c4 a6 15. Bxd7 Qxd7 16. f4 Bd4+ 17. Be3 Bxe3+ 18. Qxe3 Qc7 19. a4 Qa5 20. f5 Qxa4 21. Qxc5 Rbc8 22. Qxe7 Qxc4 23. fxg6 hxg6 24. Rb4 Rc7 25. Qd6 Qc3 26. Qb6 a5 27. Rb3 Qc2 28. Qxa5 Re7 29. d6 Rxe4 30. Rxb7 Re2 31. Qd5 Rd2 32. Qf3 Rd3 33. Rc7 Rxf3 34. Rxc2 Rd3 35. Rc6 Rd8 36. Rc7 Rf8 37. Rd7 Kg7 38. h3 Rd2 39. Kh2 Rd3 40. Rf2 g5 41. Rf3 Rxf3 42. gxf3 Kf6 43. Kg3 Ke6 44. Ra7 Kxd6 45. Kg4 f6 46. Kf5 Rh8 47. Kxf6 Rxh3 48. Ra3 Rg3 49. Rd3+ Kc5 50. Ke5 g4 51. Rd5+ Kc6 52. fxg4 1/2-1/2

[Event "Haarlem Nova College op"]
[Site "Haarlem"]
[Date "2006.07.07"]
[Round "1"]
[White "De Vries, Ronald"]
[Black "De Saegher, Chris"]
[Result "0-1"]
[WhiteElo "1739"]
[BlackElo "2144"]
[PlyCount "72"]
[EventDate "2006.07.07"]
[EventType "swiss"]
[EventRounds "6"]
[EventCountry "NED"]
[SourceTitle "CBM 113 Extra"]
[Source "ChessBase"]
[SourceDate "2006.09.14"]
[SourceVersion "1"]
[SourceVersionDate "2006.09.14"]
[SourceQuality "1"]

1. e4 d6 2. Bc4 Nf6 3. d3 c6 4. c3 d5 5. exd5 cxd5 6. Bb3 Nc6 7. Ne2 e5 8. 0-0 Be7 9. Nd2 Bg4 10. Qe1 Qd7 11. Ng3 h5 12. f3 Be6 13. Ne2 0-0-0 14. Qf2 Bf5 15. d4 Bd3 16. dxe5 Nxe5 17. Re1 Ba6 18. Bc2 Rhe8 19. Ng3 Qc7 20. Nb3 g6 21. Be3 h4 22. Ne2 Bd6 23. Bxa7 Neg4 24. fxg4 Nxg4 25. Bf5+ gxf5 26. Qxf5+ Qd7 27. Qxd7+ Kxd7 28. h3 Bxe2 29. hxg4 Bxg4 30. Bd4 Bg3 31. Bf2 f5 32. Nd4 Re4 33. Re3 f4 34. Rae1 Rde8 35. Kf1 h3 36. Bxg3 fxg3 0-1

[Event "Vlissingen HZ op 09th"]
[Site "Vlissingen"]
[Date "2005.08.08"]
[Round "3"]
[White "Leenhouts, Koen"]
[Black "De Saegher, Chris"]
[Result "1-0"]
[WhiteElo "2403"]
[BlackElo "2187"]
[PlyCount "55"]
[EventDate "2005.08.06"]
[EventType "swiss"]
[EventRounds "9"]
[EventCountry "NED"]
[SourceTitle "CBM 107 Extra"]
[Source "ChessBase"]
[SourceDate "2005.09.01"]
[SourceVersion "1"]
[SourceVersionDate "2005.09.01"]
[SourceQuality "1"]

1. e4 c6 2. d4 d5 3. e5 Bf5 4. Nc3 e6 5. g4 Bg6 6. Nge2 Ne7 7. f4 c5 8. Be3 Nd7 9. Qd2 a6 10. Bg2 Nc6 11. 0-0 f5 12. exf6 Nxf6 13. h3 Qc7 14. dxc5 0-0-0 15. Nd4 Nxd4 16. Qxd4 Nd7 17. b4 Be7 18. Qd2 Nb8 19. f5 Bf7 20. fxe6 Bxe6 21. Bf4 Qd7 22. Rae1 Rhe8 23. Rxe6 Qxe6 24. Na4 Nd7 25. Bxd5 Qg6 26. Qg2 Nxc5 27. bxc5 Rxd5 28. Qxd5 1-0

[Event "Amsterdam ACT op 2nd"]
[Site "Amsterdam"]
[Date "2005.07.23"]
[Round "8"]
[White "De Saegher, Chris"]
[Black "Wempe, Joost"]
[Result "1-0"]
[WhiteElo "2187"]
[BlackElo "2228"]
[PlyCount "139"]
[EventDate "2005.07.16"]
[EventType "swiss"]
[EventRounds "9"]
[EventCountry "NED"]
[SourceTitle "CBM 107 Extra"]
[Source "ChessBase"]
[SourceDate "2005.09.01"]
[SourceVersion "1"]
[SourceVersionDate "2005.09.01"]
[SourceQuality "1"]

1. d4 d5 2. c4 e6 3. Nf3 Nf6 4. g3 Bb4+ 5. Bd2 Be7 6. Bg2 0-0 7. 0-0 c6 8. Qc2 b6 9. Rd1 Bb7 10. b3 Nbd7 11. Nc3 Rc8 12. e4 dxc4 13. bxc4 c5 14. d5 e5 15. a4 a5 16. Nb5 Re8 17. Bc3 Bf8 18. Re1 Ba6 19. Na7 Ra8 20. Nc6 Qc7 21. Qb2 Bd6 22. Rab1 Bxc4 23. Nd2 Bd3 24. Rbc1 Nb8 25. f4 Nxc6 26. dxc6 c4 27. Bxe5 Rxe5 28. fxe5 Bxe5 29. Qb5 Bd4+ 30. Kh1 Ng4 31. Bf3 c3 32. Nc4 Ne5 33. Qd5 Nxf3 34. Red1 Bxc4 35. Qxc4 Bc5 36. Rd7 Ne5 37. Rxc7 Nxc4 38. Rxc3 Kf8 39. Rxc4 Ke8 40. Rb7 Rc8 41. e5 Rxc6 42. Kg2 Re6 43. Re4 g6 44. Kf3 h5 45. h3 Kf8 46. Rf4 Be7 47. Ke4 Rc6 48. Kd3 Re6 49. Kd4 Rc6 50. g4 hxg4 51. hxg4 Re6 52. Kd5 Kg7 53. Rc7 Kg8 54. Rc6 Rxc6 55. Kxc6 Bc5 56. Kd7 Bb4 57. Rf3 Bc5 58. g5 Bd4 59. e6 fxe6 60. Kxe6 Kg7 61. Rd3 Bb2 62. Rd7+ Kg8 63. Rd6 Kg7 64. Rxb6 Bc3 65. Rb7+ Kg8 66. Rc7 Bd4 67. Rc4 Bb6 68. Kf6 Kh7 69. Rh4+ Kg8 70. Kxg6 1-0

[Event "Amsterdam ACT op 2nd"]
[Site "Amsterdam"]
[Date "2005.07.21"]
[Round "6"]
[White "De Saegher, Chris"]
[Black "Schmitz, H."]
[Result "0-1"]
[WhiteElo "2187"]
[BlackElo "2306"]
[PlyCount "80"]
[EventDate "2005.07.16"]
[EventType "swiss"]
[EventRounds "9"]
[EventCountry "NED"]
[SourceTitle "CBM 107 Extra"]
[Source "ChessBase"]
[SourceDate "2005.09.01"]
[SourceVersion "1"]
[SourceVersionDate "2005.09.01"]
[SourceQuality "1"]

1. d4 g6 2. e4 Bg7 3. Nc3 d6 4. Be3 a6 5. Qd2 Nd7 6. Nf3 b5 7. a4 b4 8. Nd5 c5 9. c3 e6 10. Nf4 bxc3 11. bxc3 cxd4 12. cxd4 Ngf6 13. Bd3 Bb7 14. Ng5 Rb8 15. f3 Qe7 16. Rc1 e5 17. Ne2 h6 18. Nh3 d5 19. Nf2 dxe4 20. fxe4 exd4 21. Bxd4 0-0 22. 0-0 Rfd8 23. Qe3 Ne5 24. Bb1 Rbc8 25. Ba2 Rxc1 26. Rxc1 Nfg4 27. Bc5 Qd7 28. Nxg4 Nxg4 29. Qb3 Bxe4 30. Rf1 Ne5 31. Nf4 Kh7 32. h3 Qc6 33. Be3 Rd7 34. Qb6 Qxa4 35. Bb1 Rb7 36. Qd4 Qxd4 37. Bxd4 Rxb1 38. Rxb1 Bxb1 39. Bb6 Ba2 40. Kf2 Be6 0-1

[Event "Amsterdam ACT op 2nd"]
[Site "Amsterdam"]
[Date "2005.07.18"]
[Round "3"]
[White "Bezemer, Arno J"]
[Black "De Saegher, Chris"]
[Result "1-0"]
[WhiteElo "2364"]
[BlackElo "2187"]
[PlyCount "81"]
[EventDate "2005.07.16"]
[EventType "swiss"]
[EventRounds "9"]
[EventCountry "NED"]
[SourceTitle "CBM 107 Extra"]
[Source "ChessBase"]
[SourceDate "2005.09.01"]
[SourceVersion "1"]
[SourceVersionDate "2005.09.01"]
[SourceQuality "1"]

1. e4 d6 2. d4 Nf6 3. Nc3 g6 4. Bg5 Bg7 5. Qd2 c6 6. f4 0-0 7. Nf3 b5 8. Bd3 Bg4 9. e5 b4 10. Ne2 Nd5 11. 0-0 f6 12. exf6 exf6 13. Bh4 Nd7 14. f5 Bxf5 15. Bxf5 gxf5 16. Ng3 f4 17. Nf5 N7b6 18. Qd3 Qd7 19. Bf2 Ne3 20. Nxe3 fxe3 21. Bxe3 Qg4 22. Bd2 c5 23. c4 Qg6 24. Qb3 Rfe8 25. Rae1 Rxe1 26. Rxe1 Re8 27. Bxb4 cxb4 28. c5+ Kf8 29. Rxe8+ Qxe8 30. cxb6 axb6 31. Qxb4 Qe3+ 32. Kf1 Qd3+ 33. Kf2 Ke7 34. Qa4 f5 35. Qa7+ Kf6 36. Qxb6 Qc2+ 37. Kf1 Qc1+ 38. Ke2 Qc2+ 39. Nd2 Ke6 40. Qb3+ Qxb3 41. Nxb3 1-0

[Event "Dieren op"]
[Site "Dieren"]
[Date "2004.08.05"]
[Round "9"]
[White "Friesen, Boris"]
[Black "De Saegher, Chris"]
[Result "1/2-1/2"]
[WhiteElo "2040"]
[BlackElo "2207"]
[PlyCount "60"]
[EventDate "2004.07.27"]
[EventType "swiss"]
[EventRounds "9"]
[EventCountry "NED"]
[SourceTitle "CBM 101 Extra"]
[Source "ChessBase"]
[SourceDate "2004.09.01"]
[SourceVersion "2"]
[SourceVersionDate "2004.09.01"]
[SourceQuality "1"]

1. e4 c6 2. d4 d5 3. exd5 cxd5 4. c4 Nf6 5. Nc3 Nc6 6. Nf3 Bg4 7. cxd5 Nxd5 8. Be2 e6 9. 0-0 Be7 10. Be3 0-0 11. Qb3 Na5 12. Qa4 a6 13. h3 Bh5 14. Nxd5 Qxd5 15. g4 Bg6 16. Ne5 Nc6 17. Nxc6 bxc6 18. Rac1 Rfb8 19. Qxc6 Rxb2 20. Bf3 Qxc6 21. Rxc6 Rd8 22. Rfc1 Rxa2 23. d5 exd5 24. Rc8 Rf8 25. Bxd5 Ra5 26. Bb7 Bd3 27. Bb6 Re5 28. Bd4 Ra5 29. Bb6 Re5 30. Bd4 Ra5 1/2-1/2